Wszystkie piosenki - Białas - Statystyki

Ogólne statystyki
  • Ten quiz został rozwiązany 210 razy
    109 od ostatniego zresetowania
  • Średni wynik to 50 z 485
Statystyki odpowiedzi
Hint Odpowiedź % Poprawnych
In Hajs We Trust 2 (z Lanek) Grill u Gawrona
84%
HYPER2000 (z Lanek) O₂
78%
POLON (z Lanek) POLON
68%
Murem za Bonusem Trap (feat. Żaku PPS)
66%
Diamentowy Las (z White 2115) Diamentowy Las
56%
Murem za Bonusem AU (feat. Sokół)
52%
POLON (z Lanek) Ganges (feat. Quebonafide)
52%
H8M5 Drift (feat. Mata)
50%
Głowa rodziny | NEWCOMER (Deluxe) Zosia
50%
H8M4 Mali ludzie, wielkie nieba (feat. Zui)
48%
Z ostatniej ławki (z Solar) Z ostatniej ławki
48%
POLON (z Lanek) Na serio (feat. Bedoes)
46%
Głowa rodziny | NEWCOMER (Deluxe) Głowa rodziny
44%
POLON (z Lanek) | prePOLON (z Lanek) prePOLON
44%
Na czczo (z Solar) Ale...
42%
POLON (z Lanek) How
42%
#nowanormalność (deluxe) (z Solar) Intercontinental bajers
42%
POLON (z Lanek) Koło
42%
Diamentowy Las (z White 2115) Święto ogródka
42%
NEWCOMER Newcomer
40%
HYPER2000 (z Lanek) Polack
40%
NEWCOMER Uzi (feat. Sobel)
40%
H8M4 Blakablakablaka
38%
H8M4 Patrzcie idzie frajer (feat. Beteo)
38%
Rehab Rehab
38%
H8M5 Sępy (feat. Szpaku)
38%
POLON (z Lanek) Ale ja nie (feat. Paluch)
36%
H8M4 Witam Cię 2k16 (feat. Zelo PTP)
36%
Na czczo (z Solar) Intro (Na czczo mixtape)
34%
In Hajs We Trust 2 (z Lanek) Karate Kid (feat. Malik Montana)
34%
H8M5 PDW (feat. Mata)
34%
HYPER2000 (z Lanek) Prawdziwy Trap
34%
Odliczanie (z Solar) Zło
34%
Miej Wiarę EP (z MMX) | Tętno EP Intro
32%
Z ostatniej ławki (z Solar) Intro (feat. Pejot)
32%
Z ostatniej ławki (z Solar) Intro skit (feat. Pejot)
32%
H8M5 Inwazja (feat. Grzegorz Ciechowski)
32%
In Hajs We Trust 3: Ostateczne Rozliczenie (z Lanek) Las połówek
32%
BooKING (z TomB) Love / Hate
32%
In Hajs We Trust 2 (z Lanek) Melex (feat. Bedoes)
32%
Diamentowy Las (z White 2115) Mutanci
32%
H8M5 Smutne miasteczko (feat. Szpaku)
32%
H8M5 W Imię Ojca Trapu
32%
Zakazane Owoce EP (z Kazzam) Zakazane owoce
32%
HYPER2000 (z Lanek) Cyka Blyat
30%
POLON (z Lanek) Jak Skepta
30%
H8M4 Jedna wiara, jeden skład
30%
H8M5 Morfina (feat. Bedoes)
30%
#nowanormalność (z Solar) Nowa normalność
30%
#nowanormalność (z Solar) | H8ME Mixtape vol. 2 H8ME
28%
Miej Wiarę EP (z MMX) Out
28%
NEWCOMER Botoks (feat. White 2115)
26%
H8M4 Chamer
26%
Zakazane Owoce EP (z Kazzam) Demoralizuję
26%
HYPER2000 (z Lanek) Milion długu
26%
Murem za Bonusem Piekło (feat. Reto)
26%
H8M5 Sweet home (feat. White 2115)
26%
H8M5 Toniemy (feat. Smolasty)
26%
NEWCOMER Witam Cię 2k23
26%
Diamentowy Las (z White 2115) Jesień w Diamentowym Lesie
24%
HYPER2000 (z Lanek) Kochaj nas i żegnaj
24%
HYPER2000 (z Lanek) Lustra
24%
H8M4 Nie śpię bo trzymam gardę
24%
H8M5 Nowa Legenda
24%
POLON (z Lanek) Simia
24%
Stage Diving (z Solar) Stage Diving
24%
H8M4 I poszedł
22%
H8M4 Jeden żyć
22%
POLON (z Lanek) Karim Benzema
22%
Diamentowy Las (z White 2115) Lombard dusz
22%
H8M4 Mamo, sięgam gwiazd
22%
H8M5 Piękna
22%
H8M5 Prawdziwy Król
22%
Głowa rodziny | NEWCOMER (Deluxe) PRL22
22%
H8M4 Tracimy kontrolę (feat. Solar & Beteo)
22%
Diamentowy Las (z White 2115) Afera
20%
H8M5 Ból dupy (feat. ADM)
20%
Rehab Czy
20%
In Hajs We Trust 2 (z Lanek) Desperados (feat. BLACHA)
20%
Murem za Bonusem Klękaj przed panem (feat. Słoń)
20%
H8M5 Na Ulicy
20%
H8M5 Skit 1
20%
POLON (z Lanek) Weed Carrier
20%
Rehab Złamane skrzydło
20%
NEWCOMER Balenciaga Blues (feat. Alberto)
18%
Głowa rodziny | NEWCOMER (Deluxe) Chciałbym się godnie zestarzeć
18%
POLON (z Lanek) Czekam na Ciebie (feat. Zelo)
18%
NEWCOMER (Deluxe) Dominicana
18%
POLON (z Lanek) | prePOLON (z Lanek) #FREEBIALAS
18%
Murem za Bonusem Hot16Challenge
18%
Diamentowy Las (z White 2115) Korzenie w bagnie
18%
In Hajs We Trust 2 (z Lanek) Love Air (feat. Jan-Rapowanie)
18%
#nowanormalność (deluxe) (z Solar) Mama
18%
NEWCOMER Mateusz Jordan
18%
H8M5 Shuriken
18%
Klik Klaki Street Credit (Freestyle)
18%
H8M5 Swoosh Gang (feat. Pezet)
18%
Murem za Bonusem TOP 10 (feat. Kizo, SKUTE BOBO & White 2115)
18%
NEWCOMER Złote Rybki (feat. Young Igi)
18%
HYPER2000 (z Lanek) Blizny na rękach
16%
POLON (z Lanek) Fraktale
16%
HYPER2000 (z Lanek) Karmamachanam
16%
NEWCOMER (Deluxe) Koham Ewę
16%
#nowanormalność (z Solar) Nie dla Ciebie (feat. Wac Toja)
16%
POLON (z Lanek) Osiedle Botox
16%
In Hajs We Trust 3: Ostateczne Rozliczenie (z Lanek) Ostatnia wieczerza
16%
H8M5 Pasy (feat. Beteo)
16%
H8M5 Potępiony (feat. Kara)
16%
H8M5 Skit 2
16%
H8M5 Skit 3
16%
H8M5 Skit 4
16%
H8M5 Skit 5
16%
H8M5 Skit 6
16%
H8M5 Skit 7
16%
Diamentowy Las (z White 2115) Czysty diament
14%
NEWCOMER Lava Cake (feat. Malik Montana)
14%
H8M5 Łzy Feniksa
14%
POLON (z Lanek) Medusa (feat. Avi)
14%
In Hajs We Trust 2 (z Lanek) Nie Chcę Być Jak Tata (feat. Żabson)
14%
Diamentowy Las (z White 2115) Nie lubię ku
14%
POLON (z Lanek) Noah (feat. Zui)
14%
Diamentowy Las (z White 2115) Pierwszy słońca blask
14%
H8M5 Pod Nadzorem
14%
POLON (z Lanek) Puk puk
14%
POLON (z Lanek) S01E01
14%
Stage Diving (z Solar) SB Maffija
14%
HYPER2000 (z Lanek) Unplugged
14%
HYPER2000 (z Lanek) Upadły demon
14%
In Hajs We Trust 2 (z Lanek) Za 15 Trzecia
14%
H8M5 Zło jest wszędzie (feat. Bedoes)
14%
Rehab Aaliyah
12%
Z ostatniej ławki (z Solar) Bujają się wieżowce
12%
Burza po ciszy (z Solar) Burza po ciszy
12%
In Hajs We Trust 3: Ostateczne Rozliczenie (z Lanek) DIOR
12%
POLON (z Lanek) Fake Polo
12%
NEWCOMER Gdybym był piratem
12%
POLON (z Lanek) It's My Live
12%
POLON (z Lanek) | prePOLON (z Lanek) Klęska urodzaju
12%
H8M4 Mam dość - Remix (feat. Bonson)
12%
NEWCOMER Pępek świata
12%
POLON (z Lanek) Problemy
12%
#nowanormalność (z Solar) Różowe okulary (feat. Zui)
12%
Diamentowy Las (z White 2115) Różowy śnieg
12%
In Hajs We Trust 2 (z Lanek) Talizman
12%
POLON (z Lanek) Znam Cię (feat. Solar & PlanBe)
12%
#nowanormalność (z Solar) 0 PLN (feat. Beteo)
10%
#nowanormalność (z Solar) A do Z
10%
NEWCOMER Anarchia
10%
POLON (z Lanek) Bida (feat. Sitek)
10%
In Hajs We Trust 2 (z Lanek) Caddilaki
10%
Klik Klaki Czasem Czuję (feat. Danny)
10%
Murem za Bonusem Insomnia (feat. Beteo)
10%
Love Me Love Me
10%
H8M5 Moja Wina
10%
Murem za Bonusem Nienawidzę wszystkich (feat. Pezet)
10%
NEWCOMER Ostatni prawdziwy
10%
NEWCOMER Potwór
10%
HYPER2000 (z Lanek) Przestań się bać
10%
Murem za Bonusem Sztuka wolności (feat. Paluch)
10%
H8M5 Trapsos
10%
POLON (z Lanek) Xorcyzmy
10%
Rehab Życie ćpuna
10%
Rehab 6AM In WWA (feat. Olka)
8%
Z ostatniej ławki (z Solar) 999
8%
Zakazane Owoce EP (z Kazzam) Bezpowrotnie
8%
Tętno EP Białas Bed Boj
8%
Zakazane Owoce EP (z Kazzam) Błyszczymy na ulicach (feat. Danny & Solar)
8%
NEWCOMER Burdel w pokoju (feat. Lanek)
8%
Murem za Bonusem Chłosta (feat. Peja)
8%
Stage Diving (z Solar) Corolla Music
8%
In Hajs We Trust 3: Ostateczne Rozliczenie (z Lanek) Czerwone i czarne
8%
#nowanormalność (z Solar) Gniazda
8%
Zakazane Owoce EP (z Kazzam) Jednym piwem
8%
#nowanormalność (deluxe) (z Solar) Jestem raperem (feat. Beteo, Bezczel, Wiatr & Żabson)
8%
Głowa rodziny | NEWCOMER (Deluxe) Ludzie manekiny
8%
Miej Wiarę EP (z MMX) Miej Wiarę
8%
Nie Jestem W 4mie Nie Jestem W 4mie (feat. Pejot)
8%
Głowa rodziny | NEWCOMER (Deluxe) Niezwykle zwykli
8%
Murem za Bonusem Rollercoaster 2 (feat. Czerwin TWM & Bonzo)
8%
In Hajs We Trust (z Lanek) Sos
8%
Diamentowy Las (z White 2115) Spacer po lecie
8%
Rehab To jest Hip-Hop (feat. Paluch)
8%
Zakazane Owoce EP (z Kazzam) Weź nagraj
8%
In Hajs We Trust 2 (z Lanek) YSL Balmain
8%
#nowanormalność (z Solar) Ziomek (feat. Bedoes)
8%
Rehab Złote serca (feat. Quebonafide)
8%
NEWCOMER Bahama (feat. Kabe)
6%
NEWCOMER Billionair
6%
In Hajs We Trust (z Lanek) Bon Voyage - Remix
6%
Klik Klaki Brat rapera
6%
#nowanormalność (z Solar) Byliśmy pyłem gwiazd (feat. Zui)
6%
Stage Diving (z Solar) Czyste sumienie
6%
Stage Diving (z Solar) Czyste sumienie - Bonus Track - 101 Decybeli Remix
6%
NEWCOMER Diamentowe SBM
6%
Zakazane Owoce EP (z Kazzam) Dzień chwały (feat. Solar)
6%
Zakazane Owoce EP (z Kazzam) I tak dalej
6%
BooKING (z TomB) JBMNT - Remix (feat. Blejk & Solar)
6%
NEWCOMER Każde z moich zaklęć (feat. Kacperczyk)
6%
Rehab Kroki (feat. Danny)
6%
In Hajs We Trust 3: Ostateczne Rozliczenie (z Lanek) Milion baniek
6%
In Hajs We Trust 3: Ostateczne Rozliczenie (z Lanek) Money rain
6%
Zakazane Owoce EP (z Kazzam) Nadal żyję
6%
H8ME Mixtape vol. 1 Najwyższa pora (halo)
6%
#nowanormalność (z Solar) Na piasku (feat. Wac Toja)
6%
Z ostatniej ławki (z Solar) Nie chcę być nikim
6%
Burza po ciszy (z Solar) Olejmy jutro
6%
NEWCOMER Pink punk
6%
NEWCOMER Podróż do miasta
6%
Murem za Bonusem Poezja ulic (feat. Bedoes)
6%
In Hajs We Trust 3: Ostateczne Rozliczenie (z Lanek) Potrójny tulup
6%
In Hajs We Trust 3: Ostateczne Rozliczenie (z Lanek) Poznaliśmy się we śnie
6%
Demówka EP (z Quebonafide) Pusty Materac
6%
Odliczanie (z Solar) Różne strony
6%
Zakazane Owoce EP (z Kazzam) Różne strony - Bonus Track
6%
#nowanormalność (z Solar) Selfiestick
6%
In Hajs We Trust (z Lanek) Skok
6%
Nie Jestem W 4mie Stop
6%
Z ostatniej ławki (z Solar) Stop klatka
6%
Z ostatniej ławki (z Solar) Studenciaku / Uliczniku
6%
Zakazane Owoce EP (z Kazzam) To czego potrzebujesz
6%
In Hajs We Trust 2 (z Lanek) Viva La Banda
6%
Rehab Że cham
6%
In Hajs We Trust 3: Ostateczne Rozliczenie (z Lanek) Zły sen
6%
Stage Diving (z Solar) Z nieba nie spadło (feat. Zeus)
6%
Na czczo (z Solar) 5am
4%
NEWCOMER Boli ale chuj
4%
In Hajs We Trust (z Lanek) Boom (Freestyle)
4%
In Hajs We Trust (z Lanek) Boxlogo
4%
In Hajs We Trust (z Lanek) Butterfly Effect - Remix
4%
H8ME Mixtape vol. 1 Być tu do końca
4%
Z ostatniej ławki (z Solar) Chłopaki nie płaczą (feat. TomB)
4%
NEWCOMER Czarne Róże
4%
Demówka EP (z Quebonafide) Czesze Umysł
4%
NEWCOMER Defekt motyla
4%
Stage Diving (z Solar) Funky
4%
#nowanormalność (deluxe) (z Solar) Hmm (feat. ADM)
4%
NEWCOMER Hologram
4%
H8ME Mixtape vol. 3 Kompleksy (feat. Flint)
4%
Głowa rodziny | NEWCOMER (Deluxe) Mamo jestem już duży
4%
#nowanormalność (z Solar) Miliony szeptów (feat. Zui)
4%
NEWCOMER Mixer z moimi emocjami
4%
Demówka EP (z Quebonafide) Mój Kawałek W Czasie Przeszłym
4%
Klik Klaki Nie bądź żyła, oddaj krew
4%
H8ME Mixtape vol. 2 Nie myśl
4%
In Hajs We Trust 2 (z Lanek) Non Stop
4%
NEWCOMER Ogród
4%
In Hajs We Trust 3: Ostateczne Rozliczenie (z Lanek) Ostatni raz
4%
Z ostatniej ławki (z Solar) Popełniamy błędy
4%
In Hajs We Trust (z Lanek) Rico (feat. Weed Carrier)
4%
persEPktywa Ścierość
4%
In Hajs We Trust (z Lanek) Sheraton Flow (feat. Kaz Bałagane)
4%
Murem za Bonusem Ślady na ciele (feat. Szpaku)
4%
NEWCOMER Spostrzegawczy (feat. Kaz Bałagane)
4%
NEWCOMER Stadiony Narodowe (feat. Smolasty)
4%
Love Me Start
4%
NEWCOMER (Deluxe) Strach i gniew (feat. Paluch)
4%
H8ME Mixtape vol. 3 Styl
4%
NEWCOMER Taniec deszczu
4%
#nowanormalność (deluxe) (z Solar) Tym się jaram (feat. Bedoes)
4%
Tętno EP Wejdź ...
4%
Stage Diving (z Solar) Woda Sodowa
4%
POLON (z Lanek) Wrum wrum (feat. Łuszu)
4%
#nowanormalność (deluxe) (z Solar) #znasznasprzezto
4%
Burza po ciszy (z Solar) 1 milion
2%
NEWCOMER (Deluxe) 2 tygodnie w loży
2%
Kiedyś i Teraz Człowieku Mixtape 4U
2%
Kiedyś i Teraz Człowieku Mixtape 4U#2
2%
In Hajs We Trust (z Lanek) Ain't Safe 2
2%
Love Me Amatorzy
2%
#nowanormalność (z Solar) Banały
2%
H8ME Mixtape vol. 2 Będzie dobrze dupeczko (feat. Hawaj)
2%
H8ME Mixtape vol. 1 Białas to przyszłość
2%
H8ME Mixtape vol. 1 Bijacz
2%
H8ME Mixtape vol. 3 BJJałas
2%
Klik Klaki Brak im zalet
2%
NEWCOMER (Deluxe) Cały ja
2%
Klik Klaki Chris Kyle (feat. FONOPE)
2%
H8ME Mixtape vol. 1 Co jest ziomie
2%
Burza po ciszy (z Solar) Cokolwiek by się nie działo
2%
Love Me Co Z Tą Zwrotką
2%
Nie Jestem W 4mie Cztery Ściany (feat. Solar)
2%
Klik Klaki Depresja Rapera 2
2%
Rehab Do grobu (feat. Solar & Gedz)
2%
Nie Jestem W 4mie Duma (feat. Pejot)
2%
Na czczo (z Solar) Dzień chuja 2
2%
H8ME Mixtape vol. 3 Dzień chuja (feat. Solar)
2%
Na czczo (z Solar) Dzień chuja - iSlim Remix
2%
H8ME Mixtape vol. 2 Dziś wieczorem
2%
#nowanormalność (deluxe) (z Solar) Error (feat. ADM & Beteo)
2%
Na czczo (z Solar) Fakty, ludzie, pieniądze - Remix (feat. Diox, Lazy The Loser, Mesto & Theodor)
2%
H8ME Mixtape vol. 1 Gdziekolwiek jesteś
2%
#nowanormalność (deluxe) (z Solar) Gimbus
2%
Love Me Hejtuj
2%
Demówka EP (z Quebonafide) Idą Pomimo
2%
Love Me Jak Gdyby
2%
Nie Jestem W 4mie Jak Jest W Niebie? (feat. Pejot & Trzy-Sześć)
2%
Na czczo (z Solar) Jeśli myślisz tak jak ja
2%
Love Me Jest Jeden Białas
2%
Kiedyś i Teraz Człowieku Mixtape Kiedy Czujesz
2%
H8ME Mixtape vol. 3 Klimat
2%
NEWCOMER Koktajl Mołotowa
2%
persEPktywa Kolejny dzień
2%
Burza po ciszy (z Solar) Kolejny Krok
2%
Love Me Koleżanko
2%
Love Me Kopnij blat
2%
H8ME Mixtape vol. 1 LaLaLa (skit)
2%
Stage Diving (z Solar) Lalki (feat. Hary)
2%
Love Me Ławkuj
2%
Rehab Lepszego życia bilet
2%
NEWCOMER Manual
2%
In Hajs We Trust (z Lanek) Metro Marymont
2%
Burza po ciszy (z Solar) Misja
2%
#nowanormalność (z Solar) Młodzi, piękni, zepsuci (feat. Zui)
2%
Kiedyś i Teraz Człowieku Mixtape Moja Decyzja (Love Me Odrzut)
2%
H8ME Mixtape vol. 1 Może nie jestem
2%
Demówka EP (z Quebonafide) Muszę Lecieć
2%
Na czczo (z Solar) Nasramy Ci w gitarę
2%
H8ME Mixtape vol. 1 Newsy (feat. BEER BEER)
2%
Z ostatniej ławki (z Solar) Nie dbam o to (feat. Te-Tris)
2%
H8ME Mixtape vol. 1 Nie miał bym ci za złe
2%
In Hajs We Trust (z Lanek) Nie oszalej
2%
Z ostatniej ławki (z Solar) Nieporozumienie (feat. Danny)
2%
H8ME Mixtape vol. 2 Nie pozwól
2%
Nie Jestem W 4mie Niuniuniuniu (feat. Solar)
2%
Love Me Nowy Projekt
2%
H8ME Mixtape vol. 1 O czym marzą raperzy
2%
Love Me Ogrzewam Serca
2%
ToNiePolskieYess (z Solar) Olejmy jutro 2
2%
NEWCOMER (Deluxe) Ona kłamie
2%
Love Me O Rany Synu
2%
BooKING (z TomB) Ostatni Telefon (feat. Paluch)
2%
Love Me Palą Się Rewiry
2%
H8ME Mixtape vol. 1 Parę słów na koniec
2%
H8ME Mixtape vol. 1 Parę słów na początek
2%
H8ME Mixtape vol. 3 Pierdolnięcie
2%
Piona Pierdol się
2%
H8ME Mixtape vol. 3 Po to oddychamy (feat. Danny)
2%
Na czczo (z Solar) Potrzebuje zmian
2%
persEPktywa Pu55y Ni66a
2%
Burza po ciszy (z Solar) Puste ławki
2%
Klik Klaki Reszta jest milczeniem
2%
Na czczo (z Solar) Serce na dłoni (feat. Mesto)
2%
NEWCOMER Showinista
2%
NEWCOMER Siostry z Szymanowa (feat. Lanek)
2%
Love Me Skacz
2%
H8ME Mixtape vol. 2 Spoko (feat. Danny)
2%
H8ME Mixtape vol. 1 Stać się uśmiechem (feat. BEER BEER)
2%
Love Me Studio Wagon
2%
H8ME Mixtape vol. 3 Szczery numer
2%
Odliczanie (z Solar) Szczur
2%
Love Me Taka 16
2%
H8ME Mixtape vol. 2 Taki JAK ON (feat. Skobel)
2%
H8ME Mixtape vol. 3 Tak ma być
2%
Nie Jestem W 4mie Tak Myślałem
2%
Love Me Ta Sama Melodia
2%
H8ME Mixtape vol. 2 To będzie skurwysyńsko stylowe
2%
Piona To jest skurwysyńsko stylowe (feat. Blejk)
2%
Na czczo (z Solar) To my mamy rację
2%
Odliczanie (z Solar) To my mamy rację 2
2%
In Hajs We Trust (z Lanek) Trap House (feat. White 2115)
2%
Love Me Ulice
2%
Stage Diving (z Solar) Upaść, wstać (feat. Danny)
2%
Z ostatniej ławki (z Solar) Urwany film
2%
Miej Wiarę EP (z MMX) Wdech Wydech (feat. BEER BEER)
2%
Stage Diving (z Solar) Więźniowie lat 90.
2%
H8ME Mixtape vol. 2 Wkurwione rymy
2%
H8ME Mixtape vol. 2 Włącz ten numer i idź
2%
Love Me Wróć
2%
Demówka EP (z Quebonafide) Za Długo Już (feat. Gruby Mielzky)
2%
Z Oślej Ławki (z Solar) Zakazane owoce 2
2%
H8ME Mixtape vol. 3 Zakładam słuchawki
2%
Z ostatniej ławki (z Solar) Złe przeczucie
2%
NEWCOMER (Deluxe) Złe przyjaciółki
2%
Tętno EP 3mam sztamę z prawdą (feat. CEBE)
0%
BooKING (z TomB) Beezy Vuitton
0%
Klik Klaki Bigger than me - Remix
0%
#nowanormalność (deluxe) (z Solar) Brudna sprawa (feat. Reto, Quebonafide & Wac Toja)
0%
Z Oślej Ławki (z Solar) Brzydka (skit)
0%
Miej Wiarę EP (z MMX) Bywa
0%
persEPktywa Celebryta
0%
BooKING (z TomB) Chcę być cały w... (feat. Beteo & Bonson)
0%
Stage Diving (z Solar) Chcę już iść (feat. Oliwia)
0%
Odliczanie (z Solar) CHUJCIWPYSK (feat. M. Mateo)
0%
BooKING (z TomB) COCO - Remix
0%
Na czczo (z Solar) Czemu co chwilę jesteś kimś innym
0%
ToNiePolskieYess (z Solar) Solar vs Białas - Runda [1/8] [Rozgrzewka]
0%
ToNiePolskieYess (z Solar) Solar vs Białas - Runda [2/8] [battle na: panczlajny]
0%
ToNiePolskieYess (z Solar) Solar vs Białas - Runda [3/8] [battle na: love songi]
0%
ToNiePolskieYess (z Solar) Solar vs Białas - Runda [4/8] [battle na: ameryczkę]
0%
ToNiePolskieYess (z Solar) Solar vs Białas - Runda [5/8] [battle na: NY]
0%
ToNiePolskieYess (z Solar) Solar vs Białas - Runda [6/8] [battle na: dirty south]
0%
ToNiePolskieYess (z Solar) Solar vs Białas - Runda [7/8] [battle na: hit radiowy/klubowy]
0%
Z Oślej Ławki (z Solar) Drobne sekrety
0%
Stage Diving (z Solar) Druga strona medalu
0%
BooKING (z TomB) Eutanazja (feat. Beteo)
0%
BooKING (z TomB) Gun Talk
0%
Klik Klaki Gwiazda wieczoru (feat. Red)
0%
Nie Jestem W 4mie Identyczni (feat. Pejot)
0%
NEWCOMER Indiana bell
0%
Rehab Intro-Detoks-Ja (feat. DJ Taek)
0%
Piona Jak Oni
0%
ToNiePolskieYess (z Solar) Jak skończymy
0%
Love Me Ja Tylko Sobie Nucę
0%
Z Oślej Ławki (z Solar) Jeden dzień
0%
Tętno EP Jeśli chcesz ...
0%
NEWCOMER Kawałek do grania na ulicy
0%
Nie Jestem W 4mie Koleżko
0%
Odliczanie (z Solar) Lot
0%
Odliczanie (z Solar) Ludzie mylą
0%
Stage Diving (z Solar) Mainstream (feat. Danny)
0%
BooKING (z TomB) Mixtape of the year
0%
Nie Jestem W 4mie Moja Droga (feat. Solar)
0%
Klik Klaki Muj Charlem (feat. TomB)
0%
BooKING (z TomB) Myślą, że jestem zły
0%
Z Oślej Ławki (z Solar) Nagapiłem się - Remix (feat. Lipton & Zaginiony)
0%
Love Me Na Melanżu (feat. Siwydym)
0%
BooKING (z TomB) Na wyciągnięcie rąk (feat. Blejk)
0%
Odliczanie (z Solar) Nie bój się wyzwań (feat. Orzeu)
0%
#nowanormalność (deluxe) (z Solar) Niech wali się świat (feat. Blejk & Zui)
0%
Z Oślej Ławki (z Solar) Nie da się gadać o niczym innym
0%
Z Oślej Ławki (z Solar) Nie ma ideałów
0%
Kiedyś i Teraz Człowieku Mixtape Nie Myślałem (Stop Look Listen)
0%
Z ostatniej ławki (z Solar) Nienormalnie (feat. Bonson)
0%
Z ostatniej ławki (z Solar) Nienormalnie skit (feat. Wiciu)
0%
Z Oślej Ławki (z Solar) Nie zapominam
0%
Burza po ciszy (z Solar) O siebie się martw
0%
ToNiePolskieYess (z Solar) Otwórz mi trumnę
0%
ToNiePolskieYess (z Solar) Otwórz mi trumnę [Solar/Białas BLEND]
0%
Z Oślej Ławki (z Solar) O wiele więcej
0%
Odliczanie (z Solar) Pamiętam przyszłość
0%
Z Oślej Ławki (z Solar) Paraliż
0%
Miej Wiarę EP (z MMX) Pojąłeś?
0%
Tętno EP Póki żyję
0%
Tętno EP Pośród
0%
BooKING (z TomB) Prosto z SB Maffiji Stoprorap
0%
Odliczanie (z Solar) Przepiłem
0%
Z Oślej Ławki (z Solar) Rekin
0%
Miej Wiarę EP (z MMX) Rwę Kartki (feat. Danny)
0%
Z ostatniej ławki (z Solar) Sesja (Outro)
0%
Z Oślej Ławki (z Solar) Siema jestem Sol
0%
Klik Klaki Siemasz Ziomek #BSNT
0%
Miej Wiarę EP (z MMX) Słowa Serca
0%
ToNiePolskieYess (z Solar) Slow Mo
0%
Odliczanie (z Solar) Słyszałem, że mnie znasz
0%
Stage Diving (z Solar) Spacer po linie
0%
Z Oślej Ławki (z Solar) Spoko życie
0%
NEWCOMER Suko Siad (feat. Kukon)
0%
ToNiePolskieYess (z Solar) TakaNaNie
0%
Burza po ciszy (z Solar) To już jest koniec
0%
BooKING (z TomB) Trudne sprawy (feat. KęKę)
0%
Piona Trueschool
0%
persEPktywa Trzasnęła drzwiami
0%
Z Oślej Ławki (z Solar) Tysiąc kilometrów
0%
Stage Diving (z Solar) Uczesali
0%
ToNiePolskieYess (z Solar) Understream
0%
Nie Jestem W 4mie Uważaj na siebie
0%
BooKING (z TomB) Uwięziony
0%
Nie Jestem W 4mie W co warto jest uwierzyć
0%
Z Oślej Ławki (z Solar) Wdowa - Pali się dach
0%
Z Oślej Ławki (z Solar) White & Yellow (feat. Eldo)
0%
Nie Jestem W 4mie Wiesz Co Mnie Martwi Ziom?
0%
Love Me Wolny Wolny Styl
0%
Klik Klaki Wprost
0%
Burza po ciszy (z Solar) W tą albo w tamtą
0%
ToNiePolskieYess (z Solar) Wyjątkowy
0%
BooKING (z TomB) Żadnych gwiazd (feat. Koldi)
0%
Nie Jestem W 4mie Zakładam skoki (feat. Pejot)
0%
Stage Diving (z Solar) Zawsze coś jest nie tak (feat. Milo & TomB)
0%
Z Oślej Ławki (z Solar) Żegnaj
0%
Nie Jestem W 4mie Zimny Prysznic
0%
Klik Klaki Z lotu ptaka (feat. ADM & Blejk)
0%
Nie Jestem W 4mie Z miasta do miasta (feat. Pejot & Solar)
0%
Z Oślej Ławki (z Solar) Znikam
0%
Nie znaleziono quizów pasujących do podanych kryteriów
Rozkład punktacji
Procent ludzi z każdym wynikiem
Percentyl według liczby udzielonych odpowiedzi
Twoja historia wyników
Nie rozwiązałeś tego quizu od ostatniego zresetowania